[Event "NED-ch KO"]
[Site "Venlo"]
[Date "2025.07.06"]
[Round "1.5"]
[White "De Winter, Arthur"]
[Black "Van den Doel, Erik"]
[Result "1-0"]
[WhiteElo "2448"]
[BlackElo "2565"]
[PlyCount "87"]
[EventDate "2025.07.05"]
[EventType "k.o."]
[EventRounds "4"]
[EventCountry "NED"]
[SourceTitle "CB29_2025"]
[SourceDate "2025.07.16"]
[SourceVersion "1"]
[SourceVersionDate "2025.07.16"]
[SourceQuality "1"]

1. e4 e5 2. Nf3 Nc6 3. Bc4 Bc5 4. Nc3 d6 5. Na4 Bb6 6. Nxb6 axb6 7. d4 Bg4 8. h3 Bh5 9. d5 Nce7 10. 0-0 Nf6 11. Re1 0-0 12. Bg5 Nd7 13. g4 Bg6 14. b4 f6 15. Bd2 Bf7 16. Bb3 g5 17. a4 h5 18. Nh2 Kg7 19. Nf1 Rh8 20. Ng3 hxg4 21. hxg4 Nf8 22. Nf5+ Kg8 23. Kg2 Nfg6 24. Rh1 Nxf5 25. exf5 Nh4+ 26. Kg3 Kg7 27. Qe2 Qe7 28. Rh3 Rh6 29. Rah1 e4 30. f4 c6 31. Bc3 Kh7 32. dxc6 bxc6 33. Qe3 Bxb3 34. cxb3 c5 35. bxc5 bxc5 36. Rd1 Rb8 37. Ba1 Qf7 38. Rb1 Qd5 39. fxg5 fxg5 40. Bc3 Rxb3 41. Rxb3 Qxb3 42. a5 Qa2 43. Qxe4 Qg2+ 44. Qxg2 1-0

[Event "NED-ch KO"]
[Site "Venlo"]
[Date "2025.07.06"]
[Round "1.1"]
[White "Van den Doel, Erik"]
[Black "De Winter, Arthur"]
[Result "1/2-1/2"]
[WhiteElo "2565"]
[BlackElo "2448"]
[PlyCount "103"]
[EventDate "2025.07.05"]
[EventType "k.o."]
[EventRounds "4"]
[EventCountry "NED"]
[SourceTitle "CB29_2025"]
[SourceDate "2025.07.16"]
[SourceVersion "1"]
[SourceVersionDate "2025.07.16"]
[SourceQuality "1"]

1. d4 d5 2. Nf3 Nf6 3. Bf4 Bf5 4. e3 e6 5. Bd3 Bxd3 6. Qxd3 Nbd7 7. 0-0 c5 8. Nc3 c4 9. Qe2 Bb4 10. Nb5 0-0 11. a3 Be7 12. Nc3 Nh5 13. Be5 f6 14. Bg3 Nxg3 15. hxg3 f5 16. Nh2 Nf6 17. g4 g6 18. f4 h5 19. gxh5 gxh5 20. Rf3 Kf7 21. Rh3 Rh8 22. Nf3 Ng4 23. Nd1 Bf6 24. Nf2 b5 25. g3 Qg8 26. Kg2 a5 27. Rah1 Qg6 28. Nh4 Bxh4 29. Rxh4 Nf6 30. Nh3 Ne4 31. Ng5+ Nxg5 32. fxg5 Qxg5 33. Rxh5 Rxh5 34. Rxh5 Qg7 35. Qf3 Rh8 36. c3 Kg6 37. Rxh8 Qxh8 38. g4 Qf6 39. Kg3 Qg5 40. Qf4 fxg4 41. Qxg4 Kf6 42. Kf3 Qxg4+ 43. Kxg4 e5 44. Kg3 exd4 45. exd4 Kg5 46. Kf3 Kf5 47. Ke3 Kg4 48. Kd2 Kf3 49. Kc1 Ke2 50. Kc2 Ke1 51. Kc1 Ke2 52. Kc2 1/2-1/2

[Event "Utrecht OKU op 50th"]
[Site "Utrecht"]
[Date "2025.05.30"]
[Round "1"]
[White "Darie, Aden"]
[Black "Van den Doel, Erik"]
[Result "0-1"]
[WhiteElo "1905"]
[BlackElo "2564"]
[PlyCount "84"]
[EventDate "2025.05.30"]
[EventType "swiss"]
[EventRounds "6"]
[EventCountry "NED"]
[SourceTitle "CB23_2025"]
[SourceDate "2025.06.04"]
[SourceVersion "1"]
[SourceVersionDate "2025.06.04"]
[SourceQuality "1"]

1. e4 e5 2. Nf3 Nc6 3. Bb5 a6 4. Ba4 Nf6 5. 0-0 Be7 6. Re1 b5 7. Bb3 0-0 8. c3 d6 9. h3 Nd7 10. d4 Bb7 11. Be3 Na5 12. Bc2 Nc4 13. Bc1 c5 14. b3 Ncb6 15. Nbd2 exd4 16. cxd4 cxd4 17. Bb2 d3 18. Bxd3 Bf6 19. Bd4 Re8 20. Qc2 Bxd4 21. Nxd4 Qf6 22. N4f3 Rac8 23. e5 dxe5 24. Bxh7+ Kh8 25. Qf5 Bxf3 26. Nxf3 g6 27. Qxf6+ Nxf6 28. Bxg6 fxg6 29. Nxe5 Kg7 30. a4 b4 31. a5 Nbd5 32. Nc4 Ne4 33. Nb6 Nxb6 34. axb6 Nc5 35. Rxe8 Rxe8 36. Rc1 Nxb3 37. Rb1 a5 38. Rxb3 Rb8 39. Kf1 Rxb6 40. Ke2 a4 41. Rb1 b3 42. Kd2 a3 0-1

[Event "Delft OGD Rapid op 24th"]
[Site "Delft"]
[Date "2025.03.15"]
[Round "7"]
[White "Van den Doel, Erik"]
[Black "De Winter, Arthur"]
[Result "0-1"]
[WhiteElo "2561"]
[BlackElo "2448"]
[PlyCount "150"]
[EventDate "2025.03.15"]
[EventType "swiss (rapid)"]
[EventRounds "7"]
[EventCountry "NED"]
[SourceTitle "CB12_2025"]
[SourceDate "2025.03.19"]
[SourceVersion "1"]
[SourceVersionDate "2025.03.19"]
[SourceQuality "1"]

1. d4 d5 2. Nf3 Nf6 3. Bf4 c5 4. e3 Nc6 5. Nbd2 e6 6. c3 Nh5 7. Bg5 f6 8. Bh4 g6 9. Be2 cxd4 10. cxd4 Bd6 11. a3 0-0 12. 0-0 g5 13. Bg3 Nxg3 14. hxg3 f5 15. b4 g4 16. Ne1 Ne7 17. Nd3 Ng6 18. Nf4 Bd7 19. Nb3 b6 20. Nc1 Rc8 21. Ba6 Rc7 22. Ncd3 Bxf4 23. exf4 Qf6 24. Ne5 Bc8 25. Bd3 h5 26. Rc1 Rh7 27. Qc2 Bd7 28. Nxd7 Rxd7 29. Rfe1 h4 30. Qc6 Re7 31. gxh4 Nxf4 32. Bf1 Nh5 33. Qd6 g3 34. fxg3 Qxd4+ 35. Kh2 Qf6 36. Be2 Ng7 37. Rf1 Ref7 38. Bf3 f4 39. Rce1 fxg3+ 40. Qxg3 Qh6 41. Re5 Rf5 42. Rfe1 Kh7 43. Bd1 Rxe5 44. Rxe5 Qf4 45. Bg4 Qxg3+ 46. Kxg3 Rf6 47. Re1 Kg6 48. Kh3 Nf5 49. g3 Nd4 50. Kg2 Kf7 51. Bh3 Nc2 52. Rc1 Ne3+ 53. Kg1 Rf3 54. Rc6 Rxg3+ 55. Kh2 Rg6 56. Rc7+ Kf6 57. Rxa7 Ke5 58. Rb7 d4 59. Rd7 Nd5 60. Bf1 Rf6 61. Bb5 Ke4 62. Rg7 d3 63. Rg2 Ne3 64. Rb2 Kd4 65. Rb3 Rf2+ 66. Kg3 Rd2 67. h5 Nf5+ 68. Kf3 e5 69. Kg4 Nd6 70. Ba6 e4 71. Kh3 e3 72. h6 e2 73. h7 Nf7 74. Bxd3 Rxd3+ 75. Rxd3+ Kxd3 0-1

[Event "Amsterdam op 2nd"]
[Site "Amsterdam"]
[Date "2024.11.03"]
[Round "6"]
[White "Van den Doel, Erik"]
[Black "Kazarian, Anna Maja"]
[Result "1-0"]
[WhiteElo "2560"]
[BlackElo "2178"]
[PlyCount "79"]
[EventDate "2024.11.01"]
[EventType "swiss"]
[EventRounds "6"]
[EventCountry "NED"]
[SourceTitle "CB45_2024"]
[Source "ChessBase"]
[SourceDate "2024.11.06"]
[SourceVersion "1"]
[SourceVersionDate "2024.11.06"]
[SourceQuality "1"]

1. d4 d5 2. Nf3 Nf6 3. c4 c6 4. Nc3 e6 5. e3 Nbd7 6. Qc2 Be7 7. Bd3 dxc4 8. Bxc4 b5 9. Be2 Bb7 10. 0-0 a6 11. e4 c5 12. d5 exd5 13. Nxd5 Nxd5 14. exd5 Nb6 15. Rd1 0-0 16. Bd3 g6 17. Bh6 Re8 18. h4 c4 19. Be2 Bxh4 20. d6 Bf6 21. Nh2 Bg5 22. Ng4 Bxh6 23. Nxh6+ Kg7 24. Ng4 Qg5 25. d7 Red8 26. Qc3+ f6 27. Qa3 f5 28. f4 Qh4 29. Qc3+ Kg8 30. Nf6+ Kf7 31. Rd6 Na4 32. Qe3 Nxb2 33. Qe6+ Kg7 34. Qe7+ Kh8 35. Qe5 Qh6 36. Qxb2 Qg7 37. Kf2 g5 38. Rh1 h6 39. Rxh6+ Qxh6 40. Ne8+ 1-0

[Event "Hoorn Romero op"]
[Site "Hoorn"]
[Date "2024.08.31"]
[Round "2"]
[White "Van Liempt, Michael"]
[Black "Van den Doel, Erik"]
[Result "0-1"]
[WhiteElo "2124"]
[BlackElo "2561"]
[PlyCount "74"]
[EventDate "2024.08.30"]
[EventType "swiss"]
[EventRounds "6"]
[EventCountry "NED"]
[SourceTitle "EXT 2025"]
[Source "ChessBase"]
[SourceDate "2024.10.14"]
[SourceVersion "1"]
[SourceVersionDate "2024.10.14"]
[SourceQuality "1"]

1. c4 Nf6 2. Nc3 e5 3. g3 Bb4 4. e4 Bxc3 5. dxc3 0-0 6. f3 d6 7. Nh3 a5 8. Nf2 a4 9. Bd3 Be6 10. g4 Nfd7 11. h4 Nc5 12. Be3 Nbd7 13. g5 f6 14. Be2 Qe7 15. Rg1 Kh8 16. g6 Nb6 17. h5 Nxc4 18. Bxc4 Bxc4 19. Qd2 Ne6 20. h6 hxg6 21. Rxg6 Kh7 22. hxg7 Kxg6 23. gxf8B Qxf8 24. 0-0-0 Bxa2 25. Rh1 Kf7 26. Rh7+ Ke8 27. Bh6 Qg8 28. Ng4 Kd8 29. Nxf6 Qg1+ 30. Qd1 Qg6 31. Rh8+ Ke7 32. Nd5+ Bxd5 33. Rxa8 Qxh6+ 34. Kb1 Bb3 35. Qg1 Qd2 36. Rh8 Qd3+ 37. Ka1 Qd1+ 0-1

[Event "NED-ch KO"]
[Site "Utrecht"]
[Date "2024.07.09"]
[Round "2.2"]
[White "Bok, Benjamin"]
[Black "Van den Doel, Erik"]
[Result "1/2-1/2"]
[WhiteElo "2587"]
[BlackElo "2557"]
[PlyCount "84"]
[EventDate "2024.07.06"]
[EventType "k.o."]
[EventRounds "4"]
[EventCountry "NED"]
[SourceTitle "CBM 221 Extra"]
[Source "ChessBase"]
[SourceDate "2024.09.30"]
[SourceVersion "1"]
[SourceVersionDate "2024.09.30"]
[SourceQuality "1"]

1. d4 d5 2. c4 c6 3. cxd5 cxd5 4. Bf4 Nc6 5. e3 Nf6 6. Nc3 Bg4 7. Qb3 Na5 8. Qa4+ Bd7 9. Qc2 Rc8 10. Bd3 e6 11. Nf3 Bb4 12. 0-0 Nh5 13. Bg5 f6 14. Bxh7 fxg5 15. Qg6+ Kf8 16. Qxh5 Be8 17. Qg4 Rxh7 18. Nxg5 Rh6 19. Nxe6+ Rxe6 20. Qxe6 Bxc3 21. Qf5+ Kg8 22. Rac1 Rc6 23. Rxc3 Nc4 24. b3 Rf6 25. Qc2 Nd6 26. Rc1 Rh6 27. Qe2 Qh4 28. h3 Rf6 29. f3 Rg6 30. Kh1 Bd7 31. Qe1 Qh5 32. Kh2 Bxh3 33. gxh3 Qxf3 34. Rc8+ Nxc8 35. Rxc8+ Kh7 36. Qh4+ Rh6 37. Qg3 Qe2+ 38. Kh1 Qxa2 39. Rc7 Qb1+ 40. Kh2 Rg6 41. Qh4+ Rh6 42. Qg3 Rg6 1/2-1/2

[Event "NED-ch KO"]
[Site "Utrecht"]
[Date "2024.07.06"]
[Round "1.1"]
[White "Burg, Twan"]
[Black "Van den Doel, Erik"]
[Result "0-1"]
[WhiteElo "2502"]
[BlackElo "2557"]
[PlyCount "58"]
[EventDate "2024.07.06"]
[EventType "k.o."]
[EventRounds "4"]
[EventCountry "NED"]
[SourceTitle "CBM 221 Extra"]
[Source "ChessBase"]
[SourceDate "2024.09.30"]
[SourceVersion "1"]
[SourceVersionDate "2024.09.30"]
[SourceQuality "1"]

1. e4 e5 2. Nf3 Nc6 3. Bb5 a6 4. Ba4 Nge7 5. 0-0 Ng6 6. c3 d5 7. d4 dxe4 8. Nxe5 Ngxe5 9. dxe5 Qxd1 10. Rxd1 Bd7 11. Bc2 Nxe5 12. Bxe4 0-0-0 13. Bf4 Ng6 14. Be3 Bd6 15. Nd2 Bf4 16. Nc4 Bxe3 17. Nxe3 Rhe8 18. Bc2 Nf4 19. h4 g6 20. Rd2 Be6 21. Rdd1 Rxd1+ 22. Rxd1 Bxa2 23. g3 Nh5 24. b3 Nxg3 25. Nd5 Ne2+ 26. Kf1 c6 27. Nf6 Re6 28. Ne4 Rxe4 29. Bxe4 Nxc3 0-1

[Event "Helmond Rapid op"]
[Site "Helmond"]
[Date "2024.06.15"]
[Round "7"]
[White "Van den Doel, Erik"]
[Black "Labruyere, Roger"]
[Result "1-0"]
[WhiteElo "2557"]
[BlackElo "2139"]
[PlyCount "145"]
[EventDate "2024.06.15"]
[EventType "swiss (rapid)"]
[EventRounds "9"]
[EventCountry "NED"]
[SourceTitle "CBM 220 Extra"]
[Source "ChessBase"]
[SourceDate "2024.07.31"]
[SourceVersion "1"]
[SourceVersionDate "2024.07.31"]
[SourceQuality "1"]

1. d4 d5 2. Nf3 e6 3. e3 c5 4. Nbd2 cxd4 5. exd4 Nc6 6. c3 Nf6 7. Bd3 Bd6 8. 0-0 0-0 9. Re1 Qc7 10. Qe2 Re8 11. Ne5 Bxe5 12. dxe5 Nd7 13. Nf3 Nf8 14. h4 Ne7 15. h5 h6 16. Nd4 a6 17. g4 Nc6 18. g5 hxg5 19. Nxc6 bxc6 20. Bxg5 f6 21. exf6 e5 22. Qe3 e4 23. Bc2 Nh7 24. c4 gxf6 25. Bf4 Qf7 26. Ba4 Bd7 27. Rac1 Qxh5 28. cxd5 Kh8 29. Bd1 Qxd5 30. Rc5 Qe6 31. Rh5 Rg8+ 32. Bg3 Qf7 33. Kg2 Rg5 34. Rh4 Bf5 35. Kh2 Rd8 36. Bc2 Rh5 37. Qf4 Rxh4+ 38. Qxh4 Re8 39. Bb3 Qg6 40. Bf4 Re7 41. Rg1 Qe8 42. Rg8+ Qxg8 43. Bxg8 Kxg8 44. Qh5 Be6 45. Qc5 Kf7 46. b3 Bd5 47. Bd6 Re8 48. Bf4 Rg8 49. Qa7+ Kg6 50. Qxa6 Kf5 51. Be3 Ng5 52. Bxg5 Rxg5 53. Qc8+ Kf4 54. Qh3 Ke5 55. a4 Rf5 56. Qc3+ Ke6 57. Qc2 Rh5+ 58. Kg3 Rg5+ 59. Kh4 Rg2 60. a5 e3 61. Qe2 Rg5 62. Qxe3+ Re5 63. Qh3+ Kd6 64. Qd3 Kc7 65. f3 Be6 66. Qh7+ Bd7 67. b4 Rb5 68. Qe4 f5 69. Qf4+ Kb7 70. Kg5 Rd5 71. Kf6 Ka6 72. Qb8 Rb5 73. Qa8# 1-0

[Event "Helmond Rapid op"]
[Site "Helmond"]
[Date "2024.06.15"]
[Round "5"]
[White "Van den Doel, Erik"]
[Black "Roebers, Eline"]
[Result "0-1"]
[WhiteElo "2557"]
[BlackElo "2326"]
[PlyCount "136"]
[EventDate "2024.06.15"]
[EventType "swiss (rapid)"]
[EventRounds "9"]
[EventCountry "NED"]
[SourceTitle "CBM 220 Extra"]
[Source "ChessBase"]
[SourceDate "2024.07.31"]
[SourceVersion "1"]
[SourceVersionDate "2024.07.31"]
[SourceQuality "1"]

1. d4 Nf6 2. Nf3 g6 3. Bg5 Bg7 4. e3 d6 5. Nbd2 0-0 6. Bc4 Nc6 7. 0-0 e5 8. c3 h6 9. Bh4 Qe8 10. dxe5 dxe5 11. a4 a5 12. Bb5 Bd7 13. Nc4 Ne4 14. Qd5 Nf6 15. Qd1 Ne4 16. Qd5 Nf6 17. Bxf6 Bxf6 18. Nfd2 b6 19. Ne4 Bg7 20. Rad1 Rd8 21. b3 Nb8 22. Qb7 Bxb5 23. Rxd8 Qxd8 24. axb5 Qc8 25. Qxc8 Rxc8 26. Rd1 f5 27. Ng3 e4 28. Ne2 Kf7 29. h4 g5 30. hxg5 hxg5 31. g4 fxg4 32. Kg2 Ke7 33. Kg3 Rf8 34. Nd4 Nd7 35. Kxg4 Bxd4 36. Rxd4 Rxf2 37. Rxe4+ Kf6 38. Rd4 Nc5 39. Nd2 Re2 40. Ne4+ Nxe4 41. Rxe4 Rg2+ 42. Kf3 Rb2 43. Rc4 Rxb3 44. Rc6+ Ke5 45. c4 a4 46. Rxc7 a3 47. Ra7 Kd6 48. Ke4 Kc5 49. Ra4 Rc3 50. Kf5 Rxe3 51. Kxg5 Rc3 52. Kf5 Rxc4 53. Rxa3 Kxb5 54. Ke5 Kb4 55. Ra1 b5 56. Kd5 Rc8 57. Rb1+ Ka4 58. Ra1+ Kb4 59. Rb1+ Ka5 60. Ra1+ Kb6 61. Kd4 b4 62. Kd3 Kb5 63. Kd2 b3 64. Rc1 Rc4 65. Ra1 Kb4 66. Ra8 b2 67. Rb8+ Ka3 68. Kd3 Rc7 0-1

[Event "Utrecht OKU op 49th"]
[Site "Utrecht"]
[Date "2024.05.10"]
[Round "1"]
[White "De Man, Luuk"]
[Black "Van den Doel, Erik"]
[Result "0-1"]
[WhiteElo "1955"]
[BlackElo "2557"]
[PlyCount "56"]
[EventDate "2024.05.10"]
[EventType "swiss"]
[EventRounds "6"]
[EventCountry "NED"]
[SourceTitle "CBM 220 Extra"]
[Source "ChessBase"]
[SourceDate "2024.07.31"]
[SourceVersion "1"]
[SourceVersionDate "2024.07.31"]
[SourceQuality "1"]

1. e4 c5 2. Nf3 e6 3. d4 cxd4 4. Nxd4 Nc6 5. Nc3 d6 6. Be3 Nf6 7. g4 e5 8. Nxc6 bxc6 9. Be2 h6 10. h4 Rb8 11. Rb1 d5 12. exd5 cxd5 13. g5 hxg5 14. Bxg5 d4 15. Ne4 Qd5 16. Ng3 Bb4+ 17. Kf1 Ne4 18. Nxe4 Qxe4 19. Bf3 Qg6 20. Rg1 Bh3+ 21. Bg2 Bf5 22. Qf3 Bxc2 23. Qc6+ Kf8 24. Be7+ Bxe7 25. Qc7 Qd3+ 26. Ke1 Bb4+ 27. Qc3 Bxc3+ 28. bxc3 Rxb1# 0-1

[Event "BEL-chT 2324"]
[Site "Belgium"]
[Date "2024.02.04"]
[Round "7.1"]
[White "Van den Doel, Erik"]
[Black "Gurevich, Mikhail"]
[Result "0-1"]
[WhiteElo "2548"]
[BlackElo "2553"]
[PlyCount "66"]
[EventDate "2023.09.24"]
[EventType "team-tourn"]
[EventRounds "11"]
[EventCountry "BEL"]
[SourceTitle "EXT 2025"]
[Source "ChessBase"]
[SourceDate "2024.10.14"]
[SourceVersion "1"]
[SourceVersionDate "2024.10.14"]
[SourceQuality "1"]
[WhiteTeam "Tal"]
[BlackTeam "Namur"]
[WhiteTeamCountry "BEL"]
[BlackTeamCountry "BEL"]

1. d4 d5 2. Bf4 Nf6 3. e3 Bg4 4. f3 Bf5 5. g4 Bg6 6. h4 h5 7. g5 Nfd7 8. c4 e6 9. Nc3 dxc4 10. Bxc4 Nc6 11. Nge2 e5 12. Bg3 exd4 13. Nxd4 Nxd4 14. Qxd4 Nb6 15. Bb3 Qxd4 16. exd4 0-0-0 17. 0-0-0 Bd6 18. Bxd6 Rxd6 19. Rhe1 Rhd8 20. Re7 R6d7 21. Rxd7 Rxd7 22. a4 a5 23. d5 Kd8 24. Ne2 Re7 25. Nd4 Nc8 26. Kd2 Nd6 27. Rc1 Kd7 28. Rc3 Re8 29. Rc1 Ra8 30. Bd1 Nf5 31. Nxf5 Bxf5 32. Bb3 Rd8 33. Re1 Rg8 0-1

[Event "BEL-chT 2324"]
[Site "Belgium"]
[Date "2023.10.22"]
[Round "3.1"]
[White "Van den Doel, Erik"]
[Black "Sirosh, Ilja"]
[Result "1/2-1/2"]
[WhiteElo "2548"]
[BlackElo "2368"]
[PlyCount "94"]
[EventDate "2023.09.24"]
[EventType "team-tourn"]
[EventRounds "11"]
[EventCountry "BEL"]
[SourceTitle "EXT 2025"]
[Source "ChessBase"]
[SourceDate "2024.10.14"]
[SourceVersion "1"]
[SourceVersionDate "2024.10.14"]
[SourceQuality "1"]
[WhiteTeam "Tal"]
[BlackTeam "Leuven Centraal"]
[WhiteTeamCountry "BEL"]
[BlackTeamCountry "BEL"]

1. d4 Nf6 2. Nf3 g6 3. Bg5 Bg7 4. Nbd2 c5 5. Bxf6 Bxf6 6. Ne4 d6 7. Nxf6+ exf6 8. e3 0-0 9. Be2 Qb6 10. b3 Nc6 11. c3 Bg4 12. 0-0 Bxf3 13. Bxf3 Rad8 14. a3 Ne7 15. a4 Kg7 16. a5 Qc7 17. b4 cxb4 18. cxb4 d5 19. Qb3 f5 20. g3 Qd6 21. Rfc1 Rc8 22. Qa4 h5 23. h4 b6 24. Kg2 Ng8 25. b5 Ne7 26. axb6 axb6 27. Qa7 Rxc1 28. Rxc1 Rc8 29. Rxc8 Nxc8 30. Qb7 Ne7 31. Qa8 Qd7 32. Qb8 Qe6 33. Qc7 Ng8 34. Qc6 Nf6 35. Qc7 Ne4 36. Kg1 Nf6 37. Bg2 Ne4 38. Qc6 Kf8 39. Bxe4 fxe4 40. Qxe6 fxe6 41. f3 Ke7 42. Kg2 Kd6 43. f4 Kc7 44. g4 Kd7 45. Kh3 Ke7 46. Kg3 Kf6 47. g5+ Kf7 1/2-1/2